00310 2200145 4500245003300000250001100033100001300044650001700057650001600074005001900090260001800109041001400127084001400141336000900155 aAutobiograficTarwiyahhText aCet. 1 aTarwiyah aAutobiografi aKarya Siswa a20250527141614 aJakartac2025 aIndonesia a081 TAR a atext